[Event "WCO2014"]
[Site "Tromso"]
[Date "2014.08.09"]
[Round "7.15"]
[WhiteID "4501764"]
[White "Vovk Ilja"]
[BlackID "12301906"]
[Black "Maharjan Sajin"]
[Result "1-0"]
[LiveChessVersion "1.4.3"]
[BlackElo "1980"]
[WhiteElo "2289"]

1. c4 {[%clk 1:30:59]} Nf6 {[%clk 1:30:44]} 2. g3 {[%clk 1:31:25]} e6
{[%clk 1:30:26]} 3. Bg2 {[%clk 1:31:49]} d5 {[%clk 1:30:25]} 4. Nf3
{[%clk 1:32:13]} Be7 {[%clk 1:30:16]} 5. O-O {[%clk 1:32:35]} O-O
{[%clk 1:29:52]} 6. b3 {[%clk 1:33:03]} Nbd7 {[%clk 1:29:08]} 7. Bb2
{[%clk 1:32:39]} Rb8 {[%clk 1:20:52]} 8. d3 {[%clk 1:28:54]} b6 {[%clk 1:18:24]}
9. Nc3 {[%clk 1:26:32]} Bb7 {[%clk 1:16:13]} 10. Qc2 {[%clk 1:24:09]} c5
{[%clk 1:14:02]} 11. e4 {[%clk 1:22:39]} d4 {[%clk 1:06:07]} 12. Ne2
{[%clk 1:20:57]} Ne8 {[%clk 1:02:02]} 13. Nd2 {[%clk 1:05:42]} f5
{[%clk 0:55:32]} 14. exf5 {[%clk 0:58:05]} Bxg2 {[%clk 0:54:00]} 15. Kxg2
{[%clk 0:58:23]} exf5 {[%clk 0:51:42]} 16. Nf4 {[%clk 0:58:36]} Nc7
{[%clk 0:51:39]} 17. Rae1 {[%clk 0:58:05]} Bd6 {[%clk 0:49:52]} 18. Ne6
{[%clk 0:55:38]} Nxe6 {[%clk 0:49:49]} 19. Rxe6 {[%clk 0:56:03]} Rf6
{[%clk 0:50:08]} 20. Rxf6 {[%clk 0:45:45]} Nxf6 {[%clk 0:50:14]} 21. Re1
{[%clk 0:42:10]} Rb7 {[%clk 0:45:53]} 22. Qd1 {[%clk 0:40:55]} Re7
{[%clk 0:42:02]} 23. Rxe7 {[%clk 0:40:54]} Qxe7 {[%clk 0:42:30]} 24. b4
{[%clk 0:35:45]} Ng4 {[%clk 0:32:19]} 25. Kg1 {[%clk 0:25:41]} g6
{[%clk 0:19:23]} 26. b5 {[%clk 0:23:14]} Kf7 {[%clk 0:17:15]} 27. Bc1
{[%clk 0:21:57]} Ne5 {[%clk 0:16:05]} 28. Qe2 {[%clk 0:18:04]} Ng4
{[%clk 0:14:00]} 29. Qxe7+ {[%clk 0:16:23]} Kxe7 {[%clk 0:13:55]} 30. Nf3
{[%clk 0:16:40]} Ne5 {[%clk 0:11:43]} 31. Bg5+ {[%clk 0:15:50]} Ke6
{[%clk 0:11:28]} 32. Nxe5 {[%clk 0:16:01]} Bxe5 {[%clk 0:11:51]} 33. Kg2
{[%clk 0:15:53]} Bg7 {[%clk 0:11:32]} 34. h3 {[%clk 0:10:48]} Bf6
{[%clk 0:09:37]} 35. Bf4 {[%clk 0:09:47]} Be5 {[%clk 0:10:02]} 36. Bh6
{[%clk 0:08:49]} Kf6 {[%clk 0:08:25]} 37. h4 {[%clk 0:03:33]} Bd6
{[%clk 0:07:15]} 38. Kh3 {[%clk 0:02:35]} Bc7 {[%clk 0:07:02]} 39. Bd2
{[%clk 0:01:33]} Bd6 {[%clk 0:05:01]} 40. Bc1 {[%clk 0:01:32]} Bc7
{[%clk 0:03:29]} 41. Bg5+ {[%clk 0:29:29]} Ke6 {[%clk 0:29:58]} 42. h5
{[%clk 0:25:48]} Be5 {[%clk 0:28:19]} 43. hxg6 {[%clk 0:09:46]} hxg6
{[%clk 0:28:47]} 44. Kh4 {[%clk 0:08:58]} Bg7 {[%clk 0:28:08]} 45. Bf4
{[%clk 0:05:30]} Bf6+ {[%clk 0:28:34]} 46. Kh3 {[%clk 0:05:39]} Be5
{[%clk 0:21:58]} 47. Bxe5 {[%clk 0:05:42]} Kxe5 {[%clk 0:22:28]} 48. Kh4
{[%clk 0:05:56]} Kf6 {[%clk 0:22:56]} 49. f3 {[%clk 0:06:07]} Kf7
{[%clk 0:22:05]} 50. Kg5 {[%clk 0:06:24]} Kg7 {[%clk 0:22:35]} 51. g4
{[%clk 0:06:02]} fxg4 {[%clk 0:22:58]} 52. fxg4 {[%clk 0:06:23]} Kf7
{[%clk 0:21:36]} 53. Kh6 {[%clk 0:05:07]} Kf6 {[%clk 0:21:26]} 54. a3
{[%clk 0:04:07]} Ke5 {[%clk 0:21:01]} 55. Kg5 {[%clk 0:04:24]} 1-0

[Event "WCO2014"]
[Site "Tromso"]
[Date "2014.08.09"]
[Round "7.16"]
[WhiteID "12300055"]
[White "Shrestha Keshav"]
[BlackID "4501101"]
[Black "Krupenski Juri"]
[Result "0-1"]
[LiveChessVersion "1.4.3"]
[BlackElo "2277"]
[WhiteElo "2137"]

1. e4 {[%clk 1:30:54]} c5 {[%clk 1:30:54]} 2. Nf3 {[%clk 1:31:19]} d6
{[%clk 1:31:04]} 3. d4 {[%clk 1:31:43]} cxd4 {[%clk 1:31:29]} 4. Nxd4
{[%clk 1:32:07]} Nf6 {[%clk 1:31:53]} 5. Nc3 {[%clk 1:32:30]} a6 {[%clk 1:31:51]}
6. Bg5 {[%clk 1:32:31]} e6 {[%clk 1:32:16]} 7. f4 {[%clk 1:32:51]} h6
{[%clk 1:32:25]} 8. Bxf6 {[%clk 1:32:39]} Qxf6 {[%clk 1:32:48]} 9. Qd2
{[%clk 1:31:56]} g5 {[%clk 1:31:06]} 10. fxg5 {[%clk 1:24:39]} hxg5
{[%clk 1:29:08]} 11. O-O-O {[%clk 1:20:18]} Nc6 {[%clk 1:26:16]} 12. Be2
{[%clk 1:10:16]} Qxd4 {[%clk 1:04:31]} 13. Qxd4 {[%clk 1:10:31]} Nxd4
{[%clk 1:04:56]} 14. Rxd4 {[%clk 1:10:52]} Bd7 {[%clk 1:04:45]} 15. h3
{[%clk 1:07:22]} Bc6 {[%clk 1:01:52]} 16. Bf3 {[%clk 1:06:04]} Rd8
{[%clk 0:53:47]} 17. Rd3 {[%clk 1:00:43]} Bg7 {[%clk 0:53:55]} 18. Re1
{[%clk 0:58:25]} Be5 {[%clk 0:45:02]} 19. Kb1 {[%clk 0:57:16]} Rh4
{[%clk 0:44:18]} 20. a3 {[%clk 0:54:34]} Ke7 {[%clk 0:43:59]} 21. Re2
{[%clk 0:42:32]} Rc8 {[%clk 0:43:11]} 22. Ree3 {[%clk 0:37:06]} Bd7
{[%clk 0:40:08]} 23. Ne2 {[%clk 0:33:10]} Rc4 {[%clk 0:33:52]} 24. c3
{[%clk 0:29:04]} b5 {[%clk 0:25:03]} 25. Nd4 {[%clk 0:27:43]} Bc8
{[%clk 0:20:00]} 26. Bg4 {[%clk 0:20:12]} Rh8 {[%clk 0:20:29]} 27. Re1
{[%clk 0:18:15]} Bb7 {[%clk 0:20:32]} 28. Bf3 {[%clk 0:17:56]} Ba8
{[%clk 0:18:16]} 29. Nb3 {[%clk 0:14:24]} Rh4 {[%clk 0:16:19]} 30. Nd4
{[%clk 0:13:08]} Rh8 {[%clk 0:16:04]} 31. Nb3 {[%clk 0:12:58]} Rhc8
{[%clk 0:15:24]} 32. Re2 {[%clk 0:12:16]} Kd7 {[%clk 0:13:25]} 33. Re1
{[%clk 0:08:40]} Ke7 {[%clk 0:11:41]} 34. Re2 {[%clk 0:08:46]} R4c7
{[%clk 0:10:56]} 35. Re1 {[%clk 0:08:06]} Ra7 {[%clk 0:11:02]} 36. Na5
{[%clk 0:07:33]} Kd7 {[%clk 0:10:35]} 37. Re2 {[%clk 0:03:59]} Kc7
{[%clk 0:10:12]} 38. Rd1 {[%clk 0:03:24]} Kb6 {[%clk 0:10:15]} 39. Nb3
{[%clk 0:03:30]} a5 {[%clk 0:09:53]} 40. Nc1 {[%clk 0:02:48]} Rd7
{[%clk 0:05:33]} 41. Nd3 {[%clk 0:01:46]} Bg3 {[%clk 0:03:50]} 42. Rf1
{[%clk 0:26:42]} Bb7 {[%clk 0:27:14]} 43. Re3 {[%clk 0:20:29]} Rc4
{[%clk 0:25:16]} 44. Bh5 {[%clk 0:14:49]} Bf4 {[%clk 0:24:40]} 45. Nxf4
{[%clk 0:13:29]} Rxe4 {[%clk 0:24:59]} 46. Rxe4 {[%clk 0:10:50]} Bxe4+
{[%clk 0:25:24]} 47. Kc1 {[%clk 0:10:24]} gxf4 {[%clk 0:25:50]} 48. Rxf4
{[%clk 0:09:58]} Bxg2 {[%clk 0:26:14]} 49. h4 {[%clk 0:07:23]} f5
{[%clk 0:19:23]} 50. Bg6 {[%clk 0:07:36]} Be4 {[%clk 0:19:04]} 51. h5
{[%clk 0:07:22]} Rd8 {[%clk 0:19:18]} 52. Rh4 {[%clk 0:06:56]} Rh8
{[%clk 0:19:07]} 53. h6 {[%clk 0:06:44]} d5 {[%clk 0:19:02]} 54. h7
{[%clk 0:06:32]} Kc5 {[%clk 0:15:47]} 55. Bf7 {[%clk 0:04:52]} f4
{[%clk 0:16:02]} 56. Bxe6 {[%clk 0:02:45]} Rxh7 {[%clk 0:16:20]} 57. Rxf4
{[%clk 0:02:57]} Rh1+ {[%clk 0:14:25]} 58. Kd2 {[%clk 0:03:19]} Rh2+
{[%clk 0:14:37]} 59. Kc1 {[%clk 0:02:49]} Rc2+ {[%clk 0:14:57]} 60. Kd1
{[%clk 0:03:12]} Rxb2 {[%clk 0:15:11]} 61. Bf7 {[%clk 0:02:37]} a4
{[%clk 0:14:49]} 62. Be8 {[%clk 0:02:01]} Kc4 {[%clk 0:14:42]} 63. Rf7
{[%clk 0:01:45]} Kxc3 {[%clk 0:14:26]} 64. Rc7+ {[%clk 0:01:39]} Kd4
{[%clk 0:14:00]} 65. Rb7 {[%clk 0:01:06]} Bd3 66. Kc1 {[%clk 0:00:51]} Kc3
{[%clk 0:14:08]} 67. Rc7+ {[%clk 0:01:05]} Bc4 {[%clk 0:14:33]} 68. Bf7
{[%clk 0:00:49]} Rf2 {[%clk 0:14:32]} 0-1

[Event "WCO2014"]
[Site "Tromso"]
[Date "2014.08.09"]
[Round "7.36"]
[WhiteID "6500170"]
[White "Gonzalez Acosta Bernal"]
[BlackID "6100252"]
[Black "Guevara Carlos"]
[Result "1/2-1/2"]
[LiveChessVersion "1.4.3"]
[BlackElo "2218"]
[WhiteElo "2469"]

1. d4 {[%clk 1:30:55]} d5 {[%clk 1:30:41]} 2. c4 {[%clk 1:31:21]} e6
{[%clk 1:29:17]} 3. Nf3 {[%clk 1:31:44]} Nf6 {[%clk 1:29:40]} 4. g3
{[%clk 1:32:10]} c5 {[%clk 1:27:20]} 5. cxd5 {[%clk 1:32:30]} exd5
{[%clk 1:27:43]} 6. Bg2 {[%clk 1:32:56]} Nc6 {[%clk 1:27:52]} 7. O-O
{[%clk 1:33:19]} Be7 {[%clk 1:27:20]} 8. Nc3 {[%clk 1:33:44]} O-O
{[%clk 1:27:26]} 9. dxc5 {[%clk 1:34:09]} Bxc5 {[%clk 1:26:31]} 10. Na4
{[%clk 1:34:35]} Be7 {[%clk 1:26:16]} 11. Be3 {[%clk 1:35:01]} Ne4
{[%clk 1:23:42]} 12. Rc1 {[%clk 1:34:56]} Re8 {[%clk 1:23:03]} 13. Nd4
{[%clk 1:18:28]} Nxd4 {[%clk 1:19:00]} 14. Bxd4 {[%clk 1:18:43]} Bd7
{[%clk 1:19:03]} 15. Nc3 {[%clk 1:14:02]} Bc6 {[%clk 1:18:45]} 16. Qd3
{[%clk 1:12:21]} Bf6 {[%clk 1:14:55]} 17. e3 {[%clk 1:09:17]} Qa5
{[%clk 1:14:23]} 18. Bxf6 {[%clk 1:03:33]} Nxf6 {[%clk 1:14:19]} 19. Qd4
{[%clk 0:56:07]} Ne4 {[%clk 1:08:47]} 20. a3 {[%clk 0:56:33]} Rad8
{[%clk 1:07:18]} 21. Rfd1 {[%clk 0:56:23]} h6 {[%clk 1:05:18]} 22. Bf1
{[%clk 0:43:44]} Ng5 {[%clk 1:03:06]} 23. Bg2 {[%clk 0:44:10]} Ne4
{[%clk 1:00:43]} 24. b4 {[%clk 0:38:26]} Qb6 {[%clk 0:55:23]} 25. Bf1
{[%clk 0:25:20]} Qxd4 {[%clk 0:50:41]} 26. Rxd4 {[%clk 0:25:49]} Ng5
{[%clk 0:50:56]} 27. Bg2 {[%clk 0:23:52]} Ne6 {[%clk 0:42:30]} 28. Rdd1
{[%clk 0:24:21]} d4 {[%clk 0:42:21]} 29. Bxc6 {[%clk 0:24:48]} bxc6
{[%clk 0:42:43]} 30. exd4 {[%clk 0:24:30]} Nxd4 {[%clk 0:43:04]} 31. Kf1
{[%clk 0:24:15]} a5 {[%clk 0:43:09]} 32. Na2 {[%clk 0:21:38]} axb4
{[%clk 0:41:51]} 33. Nxb4 {[%clk 0:22:06]} Kf8 {[%clk 0:35:24]} 34. a4
{[%clk 0:20:57]} g6 {[%clk 0:28:10]} 35. Rc4 {[%clk 0:17:55]} Nf3
{[%clk 0:17:46]} 36. Rxd8 {[%clk 0:18:06]} Rxd8 {[%clk 0:18:07]} 37. Rxc6
{[%clk 0:10:45]} Nxh2+ {[%clk 0:15:43]} 38. Kg2 {[%clk 0:09:40]} Ng4
{[%clk 0:16:05]} 39. a5 {[%clk 0:10:09]} Ne5 {[%clk 0:16:17]} 40. Rc7
{[%clk 0:09:27]} Rb8 {[%clk 0:14:14]} 41. a6 {[%clk 0:09:14]} Rxb4
{[%clk 0:14:09]} 42. a7 {[%clk 0:09:40]} Ra4 {[%clk 0:14:28]} 43. Rc8+
{[%clk 0:10:06]} Kg7 {[%clk 0:14:52]} 44. a8=Q {[%clk 0:10:31]} Rxa8
{[%clk 0:15:15]} 45. Rxa8 {[%clk 0:10:59]} h5 {[%clk 0:15:16]} 46. Ra5
{[%clk 0:06:25]} Ng4 {[%clk 0:13:29]} 47. Kf3 {[%clk 0:04:41]} Kh6
{[%clk 0:11:47]} 48. Ke2 {[%clk 0:03:02]} Kg7 {[%clk 0:11:31]} 49. f3
{[%clk 0:03:08]} Nh6 {[%clk 0:10:00]} 50. Ke3 {[%clk 0:01:42]} Nf5+
{[%clk 0:10:09]} 51. Kf4 {[%clk 0:02:10]} Nd4 {[%clk 0:10:15]} 52. Ke4
{[%clk 0:30:38]} Nc6 {[%clk 0:32:04]} 53. Rd5 {[%clk 0:23:51]} Ne7
{[%clk 0:26:43]} 54. Rd7 {[%clk 0:24:19]} Ng8 {[%clk 0:26:04]} 55. Kf4
{[%clk 0:23:03]} Nf6 {[%clk 0:21:18]} 56. Rd6 {[%clk 0:21:59]} Ne8
{[%clk 0:21:08]} 57. Rc6 {[%clk 0:21:29]} Nf6 {[%clk 0:20:02]} 58. Ke5
{[%clk 0:21:55]} Nd7+ {[%clk 0:19:46]} 59. Kd4 {[%clk 0:17:55]} Nf6
{[%clk 0:19:57]} 60. Rd6 {[%clk 0:18:05]} Ne8 {[%clk 0:20:11]} 61. Rd8
{[%clk 0:18:19]} Nc7 {[%clk 0:19:07]} 62. Ke5 {[%clk 0:18:02]} Ne6
{[%clk 0:18:45]} 63. Rd6 {[%clk 0:15:57]} Nf8 {[%clk 0:14:56]} 64. f4
{[%clk 0:16:10]} Nh7 {[%clk 0:12:43]} 65. f5 {[%clk 0:16:27]} f6+
{[%clk 0:11:58]} 66. Kf4 {[%clk 0:16:41]} Ng5 {[%clk 0:11:15]} 67. Rd5
{[%clk 0:13:54]} Nh3+ {[%clk 0:10:52]} 68. Ke3 {[%clk 0:14:22]} gxf5
{[%clk 0:10:55]} 69. Rxf5 {[%clk 0:14:50]} Kg6 {[%clk 0:11:15]} 70. Ra5
{[%clk 0:15:14]} Ng5 {[%clk 0:10:51]} 71. Rb5 {[%clk 0:15:22]} Nf7
{[%clk 0:11:08]} 72. Rb8 {[%clk 0:14:59]} Kf5 {[%clk 0:10:38]} 73. Kf3
{[%clk 0:13:57]} Ng5+ {[%clk 0:09:56]} 74. Kf2 {[%clk 0:13:53]} Ne4+
{[%clk 0:09:13]} 75. Kg2 {[%clk 0:14:19]} Ng5 {[%clk 0:09:28]} 76. Rb4
{[%clk 0:14:04]} Kg6 {[%clk 0:09:20]} 77. Kf2 {[%clk 0:13:47]} Nf7
{[%clk 0:09:34]} 78. Ke3 {[%clk 0:13:51]} Ng5 {[%clk 0:09:38]} 79. Rb5
{[%clk 0:12:53]} Nf7 {[%clk 0:09:33]} 80. Rb8 {[%clk 0:10:23]} Ng5
{[%clk 0:08:40]} 81. Rb4 {[%clk 0:09:43]} Nf7 {[%clk 0:07:56]} 82. Rf4
{[%clk 0:09:36]} Ne5 {[%clk 0:07:40]} 83. Ke4 {[%clk 0:08:24]} Nf7
{[%clk 0:07:54]} 84. Kd5 {[%clk 0:08:15]} Ng5 {[%clk 0:06:53]} 85. Rh4
{[%clk 0:05:04]} f5 {[%clk 0:06:50]} 86. Ra4 {[%clk 0:04:19]} Ne4
{[%clk 0:06:47]} 87. Ke5 {[%clk 0:02:22]} Nxg3 {[%clk 0:06:11]} 88. Ra8
{[%clk 0:02:50]} h4 {[%clk 0:06:05]} 89. Rh8 {[%clk 0:02:24]} Nh5
{[%clk 0:05:30]} 90. Rg8+ {[%clk 0:02:34]} Ng7 {[%clk 0:04:33]} 91. Kf4
{[%clk 0:02:54]} Kf6 {[%clk 0:04:47]} 92. Rf8+ {[%clk 0:02:43]} Kg6
{[%clk 0:04:33]} 93. Rg8 {[%clk 0:02:47]} Kf6 {[%clk 0:04:52]} 94. Rf8+
{[%clk 0:02:07]} Kg6 {[%clk 0:05:16]} 95. Rh8 {[%clk 0:02:08]} Nh5+
{[%clk 0:04:48]} 96. Kf3 {[%clk 0:02:26]} Kg5 {[%clk 0:04:51]} 97. Rg8+
{[%clk 0:02:52]} Kf6 {[%clk 0:05:02]} 98. Rh8 {[%clk 0:02:42]} Kg5
{[%clk 0:05:23]} 99. Rg8+ {[%clk 0:02:53]} Kf6 {[%clk 0:05:45]} 100. Rh8
{[%clk 0:02:20]} Kg5 {[%clk 0:06:01]} 1/2-1/2

[Event "WCO2014"]
[Site "Tromso"]
[Date "2014.08.09"]
[Round "7.35"]
[WhiteID "6104347"]
[White "Garcia Ricardo  Nca"]
[BlackID "6500331"]
[Black "Valdes Romero Leonardo"]
[Result "1/2-1/2"]
[LiveChessVersion "1.4.3"]
[BlackElo "2406"]
[WhiteElo "2215"]

1. Nf3 {[%clk 1:30:59]} Nf6 {[%clk 1:30:46]} 2. c4 {[%clk 1:31:10]} g6
{[%clk 1:30:58]} 3. Nc3 {[%clk 1:31:01]} Bg7 {[%clk 1:31:23]} 4. d4
{[%clk 1:30:58]} O-O {[%clk 1:31:26]} 5. e4 {[%clk 1:31:17]} d6 {[%clk 1:31:51]}
6. Be2 {[%clk 1:31:45]} e5 {[%clk 1:32:03]} 7. O-O {[%clk 1:32:11]} Nc6
{[%clk 1:31:58]} 8. d5 {[%clk 1:32:34]} Ne7 {[%clk 1:32:24]} 9. b4
{[%clk 1:32:54]} a5 {[%clk 1:31:55]} 10. bxa5 {[%clk 1:32:44]} Rxa5
{[%clk 1:31:39]} 11. Nd2 {[%clk 1:32:39]} c5 {[%clk 1:29:40]} 12. Nb3
{[%clk 1:27:30]} Ra6 {[%clk 1:29:50]} 13. Qd3 {[%clk 1:25:33]} Nd7
{[%clk 1:25:35]} 14. a4 {[%clk 1:18:45]} f5 {[%clk 1:22:02]} 15. f3
{[%clk 1:18:00]} Kh8 {[%clk 1:06:52]} 16. Nb5 {[%clk 1:12:37]} Ng8
{[%clk 1:00:36]} 17. Bd2 {[%clk 1:06:47]} Ngf6 {[%clk 0:43:38]} 18. g4
{[%clk 1:04:30]} Ne8 {[%clk 0:41:44]} 19. Kg2 {[%clk 1:03:00]} fxg4
{[%clk 0:38:26]} 20. fxg4 {[%clk 1:03:09]} Rxf1 {[%clk 0:38:50]} 21. Bxf1
{[%clk 1:02:11]} Qh4 {[%clk 0:22:18]} 22. Be2 {[%clk 0:59:41]} h6
{[%clk 0:19:59]} 23. a5 {[%clk 0:55:30]} Nf8 {[%clk 0:17:06]} 24. h3
{[%clk 0:53:16]} Qe7 {[%clk 0:15:12]} 25. Rf1 {[%clk 0:50:59]} g5
{[%clk 0:15:19]} 26. Kh2 {[%clk 0:42:57]} Ng6 {[%clk 0:15:40]} 27. Qf3
{[%clk 0:38:55]} Nf4 {[%clk 0:14:29]} 28. Nc1 {[%clk 0:38:35]} Nf6
{[%clk 0:12:44]} 29. Nd3 {[%clk 0:37:36]} Kg8 {[%clk 0:12:12]} 30. Re1
{[%clk 0:32:24]} Nh7 {[%clk 0:11:27]} 31. Bc3 {[%clk 0:29:36]} Nf8
{[%clk 0:11:30]} 32. Nxf4 {[%clk 0:28:54]} gxf4 {[%clk 0:10:20]} 33. Rg1
{[%clk 0:28:33]} Bf6 {[%clk 0:09:41]} 34. Be1 {[%clk 0:27:08]} Nh7
{[%clk 0:09:54]} 35. Qg2 {[%clk 0:26:17]} Bh4 {[%clk 0:07:39]} 36. g5
{[%clk 0:16:00]} Bxe1 {[%clk 0:08:00]} 37. Rxe1 {[%clk 0:16:28]} Qxg5
{[%clk 0:01:47]} 38. Qf2 {[%clk 0:14:26]} Qg3+ {[%clk 0:01:40]} 39. Qxg3+
{[%clk 0:14:50]} fxg3+ {[%clk 0:02:09]} 40. Kxg3 {[%clk 0:15:10]} Ng5
{[%clk 0:02:15]} 41. Bg4 {[%clk 0:15:00]} Bxg4 {[%clk 0:26:23]} 42. Kxg4
{[%clk 0:46:28]} Kf8 {[%clk 0:25:00]} 43. h4 {[%clk 0:37:34]} Nf7
{[%clk 0:23:36]} 44. Kf5 {[%clk 0:34:33]} Ke7 {[%clk 0:24:00]} 45. Kg6
{[%clk 0:25:09]} Rxa5 {[%clk 0:14:06]} 46. Rf1 {[%clk 0:25:00]} Nd8
{[%clk 0:14:16]} 47. Kh7 {[%clk 0:17:02]} Ra2 {[%clk 0:05:57]} 48. Rg1
{[%clk 0:11:29]} Nf7 {[%clk 0:05:07]} 49. Rg7 {[%clk 0:07:46]} Kf6
{[%clk 0:04:12]} 50. Nc7 {[%clk 0:03:53]} Rf2 {[%clk 0:01:41]} 51. Kg8
{[%clk 0:02:08]} Ke7 {[%clk 0:02:01]} 52. Nb5 {[%clk 0:02:04]} h5
{[%clk 0:01:08]} 1/2-1/2

[Event "WCO2014"]
[Site "Tromso"]
[Date "2014.08.09"]
[Round "7.34"]
[WhiteID "6500374"]
[White "Minero Pineda Sergio"]
[BlackID "6100678"]
[Black "Ortiz Marcos"]
[Result "1-0"]
[LiveChessVersion "1.4.3"]
[BlackElo "2214"]
[WhiteElo "2384"]

1. d4 {[%clk 1:30:57]} Nf6 {[%clk 1:30:43]} 2. c4 {[%clk 1:31:21]} g6
{[%clk 1:31:03]} 3. g3 {[%clk 1:31:39]} Bg7 {[%clk 1:31:20]} 4. Bg2
{[%clk 1:32:00]} O-O {[%clk 1:31:34]} 5. Nf3 {[%clk 1:32:17]} d6 {[%clk 1:31:34]}
6. O-O {[%clk 1:32:35]} Nc6 {[%clk 1:31:58]} 7. Nc3 {[%clk 1:32:51]} a6
{[%clk 1:32:23]} 8. Qd3 {[%clk 1:32:26]} e5 {[%clk 1:32:33]} 9. dxe5
{[%clk 1:32:46]} dxe5 {[%clk 1:32:34]} 10. Qxd8 {[%clk 1:33:01]} Rxd8
{[%clk 1:32:56]} 11. Bg5 {[%clk 1:33:17]} Be6 {[%clk 1:31:17]} 12. Nd2
{[%clk 1:33:17]} h6 {[%clk 1:20:10]} 13. Bxf6 {[%clk 1:33:21]} Bxf6
{[%clk 1:20:34]} 14. Rfd1 {[%clk 1:15:33]} Rab8 {[%clk 1:09:05]} 15. Nd5
{[%clk 0:42:22]} Bxd5 {[%clk 1:09:25]} 16. cxd5 {[%clk 0:42:44]} Nb4
{[%clk 0:58:57]} 17. Nc4 {[%clk 0:38:26]} c6 {[%clk 0:35:56]} 18. dxc6
{[%clk 0:35:07]} bxc6 {[%clk 0:36:04]} 19. a3 {[%clk 0:31:31]} Nc2
{[%clk 0:31:29]} 20. Rab1 {[%clk 0:30:34]} Rd4 {[%clk 0:21:25]} 21. Rxd4
{[%clk 0:26:16]} Nxd4 {[%clk 0:21:47]} 22. e3 {[%clk 0:25:41]} Ne2+
{[%clk 0:13:43]} 23. Kf1 {[%clk 0:25:50]} Nc3 {[%clk 0:14:08]} 24. Rc1
{[%clk 0:25:45]} Nd5 {[%clk 0:06:28]} 25. b4 {[%clk 0:23:36]} e4 {[%clk 0:04:29]}
26. Bxe4 {[%clk 0:23:14]} Nc3 {[%clk 0:04:54]} 27. Bxc6 {[%clk 0:18:22]} Rc8
{[%clk 0:04:49]} 28. Na5 {[%clk 0:18:31]} Nb5 {[%clk 0:04:28]} 29. Rd1
{[%clk 0:11:29]} Nxa3 {[%clk 0:04:48]} 30. Rd7 {[%clk 0:09:22]} Rd8
{[%clk 0:04:01]} 31. Rxd8+ {[%clk 0:07:10]} Bxd8 {[%clk 0:04:26]} 32. Bb7
{[%clk 0:07:36]} Bxa5 {[%clk 0:02:11]} 33. bxa5 {[%clk 0:08:00]} Nc4
{[%clk 0:02:38]} 34. Bxa6 {[%clk 0:08:25]} Nxa5 {[%clk 0:03:03]} 35. e4
{[%clk 0:05:38]} Kf8 {[%clk 0:02:33]} 36. Ke2 {[%clk 0:05:24]} Ke7
{[%clk 0:02:56]} 37. Ke3 {[%clk 0:05:31]} Nc6 {[%clk 0:03:05]} 38. f4
{[%clk 0:05:00]} f6 {[%clk 0:02:29]} 39. Bc4 {[%clk 0:05:11]} Kd6
{[%clk 0:02:27]} 40. Bd5 {[%clk 0:04:59]} Nb4 {[%clk 0:02:11]} 41. Bb3
{[%clk 0:28:48]} Nc6 {[%clk 0:25:22]} 42. Ba4 {[%clk 0:28:29]} Nd8
{[%clk 0:25:07]} 43. Bb3 {[%clk 0:21:11]} Nc6 {[%clk 0:25:31]} 44. Bd5
{[%clk 0:17:15]} Nb4 {[%clk 0:25:57]} 45. Bf7 {[%clk 0:17:41]} g5
{[%clk 0:26:23]} 46. Kf3 {[%clk 0:15:30]} Ke7 {[%clk 0:23:25]} 47. Bc4
{[%clk 0:15:17]} h5 {[%clk 0:22:45]} 48. fxg5 {[%clk 0:15:08]} fxg5
{[%clk 0:22:51]} 49. e5 {[%clk 0:15:18]} Kf8 {[%clk 0:17:38]} 50. Ke4
{[%clk 0:14:52]} Kg7 {[%clk 0:18:04]} 51. Kf5 {[%clk 0:14:46]} g4
{[%clk 0:11:43]} 52. Kg5 {[%clk 0:13:22]} Nc6 {[%clk 0:11:50]} 53. e6
{[%clk 0:10:16]} Kf8 {[%clk 0:12:12]} 54. Kxh5 {[%clk 0:08:36]} Ke7
{[%clk 0:11:09]} 55. Ba2 {[%clk 0:07:22]} Ne5 {[%clk 0:10:13]} 56. Kg5
{[%clk 0:07:34]} Nf3+ {[%clk 0:10:20]} 57. Kxg4 {[%clk 0:07:59]} Nxh2+
{[%clk 0:10:47]} 58. Kf4 {[%clk 0:08:18]} 1-0

[Event "WCO2014"]
[Site "Tromso"]
[Date "2014.08.09"]
[Round "7.33"]
[WhiteID "6100961"]
[White "Madrigal Mariano"]
[BlackID "6501311"]
[Black "Duran Vega Sergio"]
[Result "1-0"]
[LiveChessVersion "1.4.3"]
[BlackElo "2224"]
[WhiteElo "2156"]

1. e4 {[%clk 1:30:15]} e5 {[%clk 1:30:39]} 2. Nf3 {[%clk 1:30:27]} Nc6
{[%clk 1:31:01]} 3. Bb5 {[%clk 1:30:50]} a6 {[%clk 1:31:25]} 4. Ba4
{[%clk 1:31:09]} d6 {[%clk 1:29:51]} 5. c3 {[%clk 1:27:21]} Bd7 {[%clk 1:29:27]}
6. O-O {[%clk 1:27:14]} g6 {[%clk 1:29:45]} 7. d4 {[%clk 1:24:13]} Bg7
{[%clk 1:30:04]} 8. Re1 {[%clk 1:24:09]} h6 {[%clk 1:29:06]} 9. h3
{[%clk 1:15:00]} Nge7 {[%clk 1:28:36]} 10. Bb3 {[%clk 1:11:57]} O-O
{[%clk 1:26:52]} 11. dxe5 {[%clk 1:08:18]} dxe5 {[%clk 1:24:21]} 12. Nbd2
{[%clk 1:06:07]} Kh7 {[%clk 1:09:50]} 13. Nf1 {[%clk 1:03:57]} Na5
{[%clk 1:02:03]} 14. Bc2 {[%clk 1:01:32]} Nc4 {[%clk 1:01:01]} 15. b3
{[%clk 0:56:25]} Nd6 {[%clk 1:01:25]} 16. Ba3 {[%clk 0:54:00]} Bc6
{[%clk 0:50:56]} 17. Qe2 {[%clk 0:50:09]} Qd7 {[%clk 0:47:58]} 18. Rad1
{[%clk 0:44:34]} Qe6 {[%clk 0:48:27]} 19. Rd2 {[%clk 0:38:27]} a5
{[%clk 0:38:13]} 20. Red1 {[%clk 0:32:25]} Nb5 {[%clk 0:38:33]} 21. Bb2
{[%clk 0:32:31]} a4 {[%clk 0:37:33]} 22. c4 {[%clk 0:25:29]} Nd6 {[%clk 0:28:49]}
23. c5 {[%clk 0:24:13]} Bb5 {[%clk 0:11:31]} 24. Qe1 {[%clk 0:19:39]} Ndc8
{[%clk 0:09:19]} 25. Ne3 {[%clk 0:18:20]} c6 {[%clk 0:09:10]} 26. Rd7
{[%clk 0:16:22]} b6 {[%clk 0:06:48]} 27. cxb6 {[%clk 0:12:45]} Nxb6
{[%clk 0:07:06]} 28. R7d6 {[%clk 0:13:08]} Qc8 {[%clk 0:07:24]} 29. Bxe5
{[%clk 0:13:08]} axb3 {[%clk 0:07:14]} 30. Bxb3 {[%clk 0:13:06]} f6
{[%clk 0:06:57]} 31. Bd4 {[%clk 0:11:35]} Nd7 {[%clk 0:05:27]} 32. Be6
{[%clk 0:11:40]} c5 {[%clk 0:04:57]} 33. Bc3 {[%clk 0:11:27]} Ra7
{[%clk 0:05:01]} 34. Qd2 {[%clk 0:11:46]} Rd8 {[%clk 0:05:02]} 35. Ba5
{[%clk 0:12:08]} Ba4 {[%clk 0:02:29]} 36. Bxd8 {[%clk 0:12:18]} Qxd8
{[%clk 0:01:43]} 37. Bxd7 {[%clk 0:12:22]} Bxd1 {[%clk 0:00:52]} 38. Qxd1
{[%clk 0:11:48]} Qa8 {[%clk 0:00:42]} 39. Be6 {[%clk 0:11:12]} Qxe4
{[%clk 0:00:53]} 40. Bb3 {[%clk 0:11:03]} f5 {[%clk 0:00:47]} 41. Re6
{[%clk 0:10:40]} 1-0